ბათუმის შოთა რუსთაველის სახელმწიფო უნივერსიტეტის ბიბლიოთეკა

Риск-менеджмент организации (ბიბ.ჩანაწერი № 45385)

000 -LEADER
fixed length control field 00698nam a2200229Ia 4500
001 - CONTROL NUMBER
control field 12209
003 - CONTROL NUMBER IDENTIFIER
control field GE_BSU
008 - FIXED-LENGTH DATA ELEMENTS--GENERAL INFORMATION
fixed length control field 181216s||||||||xx |||||||||||||| ||und||
020 ## - INTERNATIONAL STANDARD BOOK NUMBER
International Standard Book Number 9785394017773
040 ## - CATALOGING SOURCE
Transcribing agency GE_BSU
080 ## - UNIVERSAL DECIMAL CLASSIFICATION NUMBER
Universal Decimal Classification number 658.005(075.8)
100 ## - MAIN ENTRY--PERSONAL NAME
Personal name Ермасова,Н.Б.
245 ## - TITLE STATEMENT
Title Риск-менеджмент организации
245 ## - TITLE STATEMENT
Remainder of title Учебно-практическое пособие
260 ## - PUBLICATION, DISTRIBUTION, ETC.
Place of publication, distribution, etc. Москва
260 ## - PUBLICATION, DISTRIBUTION, ETC.
Name of publisher, distributor, etc. Издательско-торговая корпорация "Дашков и К
260 ## - PUBLICATION, DISTRIBUTION, ETC.
Date of publication, distribution, etc. 2014
300 ## - PHYSICAL DESCRIPTION
Extent 380стр.21см.
653 ## - INDEX TERM--UNCONTROLLED
Uncontrolled term Риск-менеджмент организации
942 ## - ADDED ENTRY ELEMENTS (KOHA)
Koha item type წიგნი
ეგზემპლარები
Withdrawn status Lost status Damaged status Not for loan Date acquired Barcode Date last seen Price effective from Koha item type
        2018-12-17 36110 2018-12-17 2018-12-17 წიგნი